[Event "38. MIEDZYNARODOWY MEMORIAL LUDWIKA ZAMENHOFA 2019 - open B"]
[Site "Bialystok"]
[Date "1899-12-30"]
[Round "1.3"]
[White "Mocny, Tomasz"]
[Black "Madrawski, Krzysztof"]
[Result "0-1"]
[WhiteTitle "I"]
[BlackTitle "I++"]
[WhiteElo "1779"]
[BlackElo "1993"]

1. Nf3 Nf6 2. c4 c5 3. g3 b6 4. Bg2 Bb7 5. O-O g6 6. Nc3 Bg7 7. d4 cxd4 8. Qxd4
Nc6 9. Qh4 h6 10. g4 Na5 11. Nd2 Bxg2 12. Kxg2 Rc8 13. b3 Nxg4 14. Qxg4 Bxc3 15.
Rb1 Qc7 16. Ne4 Bg7 17. f3 Qc6 18. Ng3 O-O 19. Bxh6 Bxh6 20. Nf5 Qf6 21. Nxh6+
Kg7 22. Nxf7 Rxf7 23. Qxd7 Rh8 24. Rh1 Nc6 25. Rbd1 Ne5 26. Qd4 Rh4 27. Qc3 Qg5+
28. Kf1 e6 29. Rd4 Rxd4 30. Qxd4 Rd7 31. Qa1 Qe3 32. Rg1 Rd2 33. Rg2 Rc2 0-1

[Event "38. MIEDZYNARODOWY MEMORIAL LUDWIKA ZAMENHOFA 2019 - open B"]
[Site "Bialystok"]
[Date "1899-12-30"]
[Round "1.4"]
[White "Zeliantsova, Kseniya"]
[Black "Pialesa, Siarhei"]
[Result "1-0"]
[WhiteTitle "k"]
[BlackTitle "k"]
[WhiteElo "1993"]
[BlackElo "1769"]

1. e4 e5 2. Nf3 Nc6 3. Bb5 a6 4. Ba4 d6 5. c3 g6 6. d4 Bd7 7. O-O Bg7 8. Bg5 Nge7
9. Re1 O-O 10. Qd2 f6 11. Bh6 Qc8 12. Bxg7 Kxg7 13. h3 Nxd4 14. cxd4 Bxa4 15.
Qb4 Bd7 16. Nbd2 Nc6 17. Qc3 Qd8 18. Nc4 Rc8 19. Rad1 Qe7 20. Ne3 Rfd8 21. Nd5
Qf7 22. Qb3 b6 23. Qc3 Be8 24. dxe5 dxe5 25. Nh2 Rd6 26. f4 Re6 27. fxe5 Nxe5
28. Rf1 Rd8 29. Rde1 Bb5 30. Rxf6 Rxf6 31. Qxe5 Qe6 32. Qxc7+ Rd7 33. Qc3 Qc6
34. Qxf6+ Qxf6 35. Nxf6 Kxf6 36. Nf3 Rc7 37. Rd1 Rc2 38. Rd6+ Ke7 39. Rd2 Rxd2
40. Nxd2 Kd6 41. Kf2 Kc5 42. Ke3 a5 43. Nb3+ Kc4 44. Nd4 Be8 45. b3+ Kc3 46. a4
Kb4 47. e5 Kc5 48. Ke4 g5 49. e6 h5 50. Ke5 h4 51. e7 Bh5 52. Ne6+ Kb4 53. Ng7
Bg6 1-0

[Event "38. MIEDZYNARODOWY MEMORIAL LUDWIKA ZAMENHOFA 2019 - open B"]
[Site "Bialystok"]
[Date "1899-12-30"]
[Round "1.5"]
[White "Grabarczyk, Sylwester"]
[Black "Kot, Jerzy"]
[Result "0-1"]
[WhiteTitle "I+"]
[BlackTitle "FM"]
[WhiteElo "1758"]
[BlackElo "1983"]

1. e4 g6 2. d4 Bg7 3. Nc3 c5 4. Nf3 cxd4 5. Nxd4 Nf6 6. Bc4 O-O 7. O-O Nc6 8. Be3
Nxe4 9. Nxe4 d5 10. Bb5 Nxd4 11. Bxd4 dxe4 12. Bxg7 Kxg7 13. Qe2 Qb6 14. c3 h5
15. Bc4 Qc6 16. Rfe1 Bf5 17. h3 g5 18. Rad1 Rfd8 19. Bb3 Bg6 20. Qe3 Qb5 21. c4
Qe5 22. Rxd8 Rxd8 23. Qxa7 Qxb2 24. Qxb7 Rd2 25. Qxe7 g4 26. Qh4 gxh3 27. gxh3
Rd3 28. Rf1 Qc3 29. Kg2 Rf3 30. Bd1 Rf5 31. Qg3 Qxc4 32. Bb3 Qc5 33. h4 Rf3 34.
Qh2 Qf5 35. Kg1 Rh3 36. Qg2 Rxh4 37. f3 Qc5+ 38. Qf2 Qg5+ 39. Qg2 Qe5 40. Qf2
Rf4 41. Qg2 Qd4+ 42. Kh2 Rh4+ 43. Kg3 e3 44. f4 Rg4+ 0-1

[Event "38. MIEDZYNARODOWY MEMORIAL LUDWIKA ZAMENHOFA 2019 - open B"]
[Site "Bialystok"]
[Date "1899-12-30"]
[Round "1.6"]
[White "Kiolbasa, Damian"]
[Black "Norman, Kseniya"]
[Result "1-0"]
[WhiteTitle "II+"]
[BlackTitle "I"]
[WhiteElo "1946"]
[BlackElo "1730"]

1. d4 Nf6 2. c4 g6 3. Nc3 Bg7 4. e4 d6 5. f3 O-O 6. Nge2 c5 7. Bg5 cxd4 8. Nxd4
Nc6 9. Nc2 Nd7 10. Qd2 Nc5 11. Be2 f5 12. exf5 Bxf5 13. Ne3 Ne5 14. Nxf5 Rxf5
15. O-O Ne6 16. Be3 Rc8 17. b3 Qa5 18. Rac1 Rf7 19. f4 Nc6 20. Bg4 Ncd8 21. Nd5
Qxd2 22. Bxd2 Bd4+ 23. Kh1 Rb8 24. Rce1 Nc5 25. Nxe7+ Kf8 26. Nd5 Nc6 27. g3 Nd3
28. Re2 Re8 29. Rxe8+ Kxe8 30. Kg2 Bc5 31. Bc3 Kd8 32. Bf3 Ndb4 33. Re1 Nc2 34.
Re4 N2d4 35. b4 Bb6 36. Nxb6 Nxf3 37. Nd5 1-0

[Event "38. MIEDZYNARODOWY MEMORIAL LUDWIKA ZAMENHOFA 2019 - open B"]
[Site "Bialystok"]
[Date "1899-12-30"]
[Round "1.7"]
[White "Maciulaityte, Barbora"]
[Black "Pytel, Maciej"]
[Result "1-0"]
[WhiteTitle "I"]
[BlackTitle "k"]
[WhiteElo "1719"]
[BlackElo "1942"]

1. e4 c5 2. Nf3 e6 3. c3 d5 4. exd5 Qxd5 5. d4 Nf6 6. Be3 Nbd7 7. Bd3 b6 8. Nbd2
Bb7 9. Nc4 Be7 10. Qe2 O-O 11. Rd1 Qh5 12. O-O Bxf3 13. Qxf3 Qxf3 14. gxf3 cxd4
15. Bxd4 Nc5 16. Bxc5 Bxc5 17. Rd2 Rad8 18. Rfd1 Nh5 19. Bxh7+ Kxh7 20. Rxd8 Rxd8
21. Rxd8 Nf4 22. Ne5 a5 23. Nxf7 Kg6 24. Ne5+ Kf5 25. Nd3 Be7 26. Rd7 Ng6 27.
Rb7 Bd8 28. Rxg7 Nh4 29. Ne1 Kf6 30. Rd7 Be7 31. Kf1 a4 32. Ke2 a3 33. b4 Nf5
34. Nc2 1-0

[Event "38. MIEDZYNARODOWY MEMORIAL LUDWIKA ZAMENHOFA 2019 - open B"]
[Site "Bialystok"]
[Date "1899-12-30"]
[Round "1.8"]
[White "Paulauskas, Andrius"]
[Black "Dubrawski, Janusz"]
[Result "1-0"]
[WhiteTitle "I"]
[BlackTitle "I"]
[WhiteElo "1930"]
[BlackElo "1708"]

1. d4 Nc6 2. d5 Ne5 3. e4 d6 4. f4 Ng6 5. Nf3 e5 6. dxe6 fxe6 7. h4 h5 8. Be2 Be7
9. Ng5 Nf6 10. Qd3 e5 11. Qb3 Rf8 12. f5 Nh8 13. Nc3 c6 14. Ne6 Bxe6 15. fxe6
Qb6 16. Bg5 Ng4 17. Qxb6 axb6 18. Bf3 Ng6 19. O-O-O Nf4 20. Bxf4 Rxf4 21. Ne2
Rf6 22. Bxg4 hxg4 23. Ng3 Rxa2 24. Kb1 Ra4 25. b3 Rb4 26. Kb2 Rxe6 27. c3 Rb5
28. Nf5 Bf8 29. Ne3 g3 30. Nf5 d5 31. h5 dxe4 32. Nxg3 e3 33. Nf5 Rf6 34. g4 c5
35. Rh2 Ra5 36. Nxe3 b5 37. g5 Rfa6 38. Nc2 Ra2+ 39. Kb1 b4 40. cxb4 c4 41. Rh3
cxb3 42. Rxb3 R2a4 43. Re1 Bd6 44. h6 gxh6 45. gxh6 Kf7 46. Rf3+ Kg6 47. h7 Kxh7
48. Rh1+ Kg7 49. Rg1+ 1-0

[Event "38. MIEDZYNARODOWY MEMORIAL LUDWIKA ZAMENHOFA 2019 - open B"]
[Site "Bialystok"]
[Date "1899-12-30"]
[Round "1.9"]
[White "Kotarski, Bartosz"]
[Black "Bartoszewicz, Marcin"]
[Result "0-1"]
[WhiteTitle "I+"]
[BlackTitle "I++"]
[WhiteElo "1696"]
[BlackElo "1918"]

1. e4 e5 2. Nf3 Nc6 3. d4 exd4 4. Nxd4 Qf6 5. Be3 Bc5 6. c3 Nge7 7. f4 d6 8. Be2
Qg6 9. Bf3 O-O 10. Nxc6 Nxc6 11. Bxc5 dxc5 12. O-O Rd8 13. Qe1 Bg4 14. Na3 Bxf3
15. Rxf3 Rd7 16. Qe3 b6 17. Re1 f6 18. Nc4 Qf7 19. b3 Re8 20. Qe2 Qe6 21. Nd2
Red8 22. Nf1 a5 23. Rh3 Qf7 24. Qg4 Re7 25. Ng3 Qg6 26. Qf3 Qe8 27. Nf5 Re6 28.
Qg4 Rd7 29. Qh4 g6 30. Nh6+ Kh8 31. Rf1 Red6 32. Ng4 Qd8 33. Qh6 Rd1 34. Ne3 Rxf1+
35. Nxf1 Kg8 36. f5 g5 37. Rg3 Qf8 38. Qh5 Qf7 39. Qe2 Ne5 40. h4 h6 41. hxg5
hxg5 42. Ne3 c4 43. bxc4 c6 44. Ng4 Nxg4 45. Rxg4 Qe7 46. e5 Qc5+ 47. Kh2 Re7
48. e6 Qxf5 49. Re4 Kg7 50. Qd3 Kg6 51. Qe2 Qc5 52. g4 a4 53. Kg2 Qd6 54. Qc2
Kg7 55. Qe2 a3 56. Qe3 c5 57. Qe2 Kf8 58. Re3 Rh7 59. Kg1 Qf4 60. Qd3 Qxg4+ 61.
Rg3 Qh4 62. Qd8+ Kg7 63. Qd7+ Kg6 64. Qd3+ f5 65. Qf3 Qh2+ 66. Kf1 Qh1+ 67. Qxh1
Rxh1+ 68. Kf2 Rh2+ 69. Kf1 Rh7 70. Rd3 Kf6 71. Rd6 Rb7 72. Ke2 Re7 73. Rd8 Rxe6+
74. Kd3 f4 75. Ra8 g4 0-1

[Event "38. MIEDZYNARODOWY MEMORIAL LUDWIKA ZAMENHOFA 2019 - open B"]
[Site "Bialystok"]
[Date "1899-12-30"]
[Round "1.10"]
[White "Ryszkiewicz, Adam"]
[Black "Warcaba, Jakub"]
[Result "1-0"]
[WhiteTitle "I"]
[BlackTitle "I"]
[WhiteElo "1917"]
[BlackElo "1694"]

1. e4 c5 2. Nf3 d6 3. d4 cxd4 4. Qxd4 Nc6 5. Bb5 Bd7 6. Bxc6 Bxc6 7. Nc3 Nf6 8.
Bg5 e6 9. O-O-O Be7 10. Kb1 O-O 11. Rhe1 Qa5 12. Bh4 Rfd8 13. Nd2 b5 14. a3 Qc7
15. Qd3 Qb7 16. Nb3 a5 17. Nd4 b4 18. Nxc6 Qxc6 19. Nb5 bxa3 20. Nxa3 Rab8 21.
Ka2 Rdc8 22. c4 Rb4 23. Re2 Rcb8 24. f4 Qa4 25. Rc1 Rb3 26. Qc2 d5 27. c5 Qb4
28. Be1 Qa4 29. exd5 Nxd5 30. Qc4 Nb4+ 31. Bxb4 R8xb4 32. Qc2 Bf6 33. c6 Bxb2
34. Qxb2 Rxb2+ 35. Rxb2 Rxb2+ 36. Kxb2 Qb4+ 37. Ka2 a4 38. Rb1 Qxf4 39. Rb2 Kf8
40. Rc2 Qb4 41. Rb2 Qd6 42. Rc2 Qd5+ 43. Rc4 Qxg2+ 44. Ka1 Qf3 45. Nb1 Qd5 46.
Rc3 Qd8 47. c7 Qc8 48. Na3 Ke7 49. Nb5 Kd7 50. Ka2 e5 51. Ka3 f5 52. Kxa4 Qa6+
53. Kb4 e4 54. c8=Q+ Qxc8 55. Rxc8 Kxc8 56. Nd6+ Kd7 57. Nxf5 g6 58. Ng3 Ke6 59.
Kc3 Ke5 60. Ne2 h5 61. Kd2 g5 62. Ke3 h4 63. Nc3 g4 64. Ne2 Kf5 65. Nf4 h3 66.
Ne2 Ke5 67. Ng3 Kf6 68. Kf4 Kg6 69. Kxg4 e3 70. Kf3 Kg5 71. Kxe3 Kh4 72. Kf3 Kg5
73. Ne2 Kh4 74. Nd4 1-0

[Event "38. MIEDZYNARODOWY MEMORIAL LUDWIKA ZAMENHOFA 2019 - open B"]
[Site "Bialystok"]
[Date "1899-12-30"]
[Round "2.1"]
[White "Ocytko, Andrzej"]
[Black "Backiel, Hubert"]
[Result "1/2-1/2"]
[WhiteTitle "k"]
[BlackTitle "I"]
[WhiteElo "1999"]
[BlackElo "1860"]

1. d4 Nf6 2. Nf3 g6 3. Bg5 Ne4 4. Bf4 d5 5. Nbd2 Bg7 6. e3 Nxd2 7. Qxd2 O-O 8.
c4 c5 9. dxc5 dxc4 10. O-O-O Qxd2+ 11. Rxd2 c3 12. bxc3 Nc6 13. Kb2 Be6 14. Nd4
Rfd8 15. Bb5 Bd5 16. Nb3 1/2-1/2

[Event "38. MIEDZYNARODOWY MEMORIAL LUDWIKA ZAMENHOFA 2019 - open B"]
[Site "Bialystok"]
[Date "1899-12-30"]
[Round "2.2"]
[White "Madrawski, Krzysztof"]
[Black "Budzisz, Adrian"]
[Result "1-0"]
[WhiteTitle "I++"]
[BlackTitle "I"]
[WhiteElo "1993"]
[BlackElo "1849"]

1. e4 e6 2. b3 d5 3. Bb2 dxe4 4. Nc3 Nf6 5. g4 h6 6. Bg2 Be7 7. Qe2 Nbd7 8. Nxe4
Nxe4 9. Bxe4 Bf6 10. d4 c5 11. O-O-O cxd4 12. Nf3 Qa5 13. Kb1 Nc5 14. Nxd4 Nxe4
15. Qxe4 Qb6 16. h4 Bd7 17. g5 Be7 18. Nf3 Bc6 19. Qf4 hxg5 20. Nxg5 Bxg5 21.
Qxg5 Bxh1 22. Ba3 Qc7 23. Qxg7 1-0

[Event "38. MIEDZYNARODOWY MEMORIAL LUDWIKA ZAMENHOFA 2019 - open B"]
[Site "Bialystok"]
[Date "1899-12-30"]
[Round "2.3"]
[White "Kozlowski, Pawel"]
[Black "Zeliantsova, Kseniya"]
[Result "0-1"]
[WhiteTitle "I"]
[BlackTitle "k"]
[WhiteElo "1844"]
[BlackElo "1993"]

1. b3 Nf6 2. Bb2 g6 3. h3 Bg7 4. e3 d6 5. Ne2 e5 6. d3 O-O 7. Nd2 b6 8. a3 Bb7
9. c4 Nbd7 10. Qc2 d5 11. Rg1 Re8 12. g4 Nc5 13. b4 dxc4 14. bxc5 cxd3 15. Qb3
dxe2 16. Bxe2 Bd5 17. Qc2 bxc5 18. Qxc5 Rb8 19. Bc3 Re6 20. Rd1 Bf8 21. Qa5 Qe7
22. g5 Ne4 23. Nxe4 Bxe4 24. f3 Rb3 25. a4 Qa3 26. Bd2 Bc2 27. Kf2 Bxd1 28. Rxd1
Rd6 29. Qxe5 Qb2 30. Qa5 Qc2 31. Ke1 Rxd2 32. Rxd2 Bb4 33. Qxb4 Qc1+ 34. Rd1 Qxd1+
35. Bxd1 Rxb4 36. f4 Rb2 37. Be2 Ra2 38. Bb5 Kf8 39. e4 Ke7 40. f5 gxf5 41. exf5
Rg2 42. g6 hxg6 43. fxg6 fxg6 44. Be2 a5 45. Kd2 Rxe2+ 46. Kxe2 Ke6 47. Kf3 Kf5
48. Ke3 Ke5 49. h4 c5 50. Kd3 Kd5 51. Kc2 Kc4 0-1

[Event "38. MIEDZYNARODOWY MEMORIAL LUDWIKA ZAMENHOFA 2019 - open B"]
[Site "Bialystok"]
[Date "1899-12-30"]
[Round "2.4"]
[White "Kot, Jerzy"]
[Black "Zabrzanska, Weronika"]
[Result "1/2-1/2"]
[WhiteTitle "FM"]
[BlackTitle "I++"]
[WhiteElo "1983"]
[BlackElo "1843"]

1. e4 e5 2. Nf3 Nc6 3. d4 exd4 4. c3 dxc3 5. Nxc3 d6 6. Bc4 Nf6 7. Qb3 Qd7 8. Qc2
Be7 9. O-O O-O 10. h3 Ne5 11. Nxe5 dxe5 12. Rd1 Bd6 13. Bg5 Qd8 14. Rd3 Be6 15.
Nd5 Bxd5 16. Bxd5 c6 17. Bb3 h6 18. Bh4 Qe7 19. Rf3 g5 20. Bg3 Nh5 21. Bh2 Nf4
22. h4 g4 23. Rxf4 exf4 24. e5 Bxe5 25. Qg6+ Bg7 26. Bxf4 Qf6 27. Qxg4 Rad8 28.
Rb1 h5 29. Qg3 Rd4 30. Bg5 Qg6 31. Re1 Re4 32. Rxe4 Qxe4 33. Bf6 Qg4 34. Qe5 Bxf6
35. Qxf6 Qg7 36. Qe7 Qxb2 37. Qg5+ Qg7 38. Qxh5 Re8 39. g3 Re4 40. Kg2 b6 41.
Qf5 Re8 42. Qd7 Re2 43. Qxc6 Qe5 44. Qf3 Qe4 45. Bxf7+ Kg7 46. Qxe4 Rxe4 47. Kf3
Rb4 48. Bd5 Rd4 49. Bb3 b5 50. Ke3 Rd6 51. f4 Rg6 52. Kf3 a5 53. f5 Rc6 54. Ke4
a4 55. Be6 b4 56. Kd4 b3 57. Bxb3 axb3 58. axb3 Kf6 59. g4 Rc8 60. b4 Rh8 61.
b5 Rxh4 62. b6 Rxg4+ 63. Kc5 Rg1 64. b7 Rb1 65. Kc6 Ke7 66. f6+ Kd8 67. f7 Ke7
68. Kc7 Rc1+ 69. Kb6 Rb1+ 70. Ka7 Ra1+ 71. Kb6 Rb1+ 72. Kc7 Rxb7+ 73. Kxb7 Kxf7
1/2-1/2

[Event "38. MIEDZYNARODOWY MEMORIAL LUDWIKA ZAMENHOFA 2019 - open B"]
[Site "Bialystok"]
[Date "1899-12-30"]
[Round "2.5"]
[White "Dudkiewicz, Wiktor"]
[Black "Kiolbasa, Damian"]
[Result "0-1"]
[WhiteTitle "II"]
[BlackTitle "II+"]
[WhiteElo "1830"]
[BlackElo "1946"]

1. e4 d5 2. exd5 Qxd5 3. Nc3 Qd6 4. h3 Nf6 5. Nf3 g6 6. d4 Bg7 7. Be2 O-O 8. O-O
c6 9. Be3 Nd5 10. Nxd5 cxd5 11. Qd2 Nc6 12. Bh6 Bf5 13. c3 a6 14. Rfe1 b5 15.
a3 Na5 16. Bxg7 Kxg7 17. Qd1 Nc4 18. Qc1 Ra7 19. Bd1 f6 20. Bc2 Bc8 21. b3 Nb6
22. Qd2 Re8 23. Re3 Kg8 24. Ne1 e5 25. Nd3 e4 26. Nc5 f5 27. Ree1 Rf8 28. Bd1
f4 29. Bg4 Bxg4 30. hxg4 h5 31. g5 Rf5 32. Nxe4 dxe4 33. Rxe4 Raf7 0-1

[Event "38. MIEDZYNARODOWY MEMORIAL LUDWIKA ZAMENHOFA 2019 - open B"]
[Site "Bialystok"]
[Date "1899-12-30"]
[Round "2.6"]
[White "Matuszczyk, Mateusz"]
[Black "Paulauskas, Andrius"]
[Result "1-0"]
[WhiteTitle "II+"]
[BlackTitle "I"]
[WhiteElo "1827"]
[BlackElo "1930"]

1. e4 e6 2. d4 d5 3. Nc3 dxe4 4. Nxe4 Nd7 5. Nf3 Ngf6 6. Nxf6+ Nxf6 7. Bd3 c5 8.
Bf4 cxd4 9. Nxd4 a6 10. Qd2 Bc5 11. Nb3 Qb6 12. O-O-O Bd7 13. Nxc5 Qxc5 14. Rhe1
Bc6 15. Be3 Qh5 16. f3 O-O 17. Bg5 Rad8 18. h4 Bb5 19. g4 Rxd3 20. Qxd3 Qg6 21.
Qd2 h6 22. Bxf6 gxf6 23. g5 fxg5 24. hxg5 hxg5 25. Re5 f6 26. Rxe6 Qf5 27. Re3
Rf7 28. Rde1 Rd7 29. Qh2 Rf7 30. Rh1 1-0

[Event "38. MIEDZYNARODOWY MEMORIAL LUDWIKA ZAMENHOFA 2019 - open B"]
[Site "Bialystok"]
[Date "1899-12-30"]
[Round "2.7"]
[White "Bartoszewicz, Marcin"]
[Black "Kaminski, Maciej"]
[Result "1/2-1/2"]
[WhiteTitle "I++"]
[BlackTitle "I++"]
[WhiteElo "1918"]
[BlackElo "1804"]

1. e4 c5 2. Nf3 Nc6 3. Bb5 g6 4. O-O Bg7 5. d3 Qb6 6. Bxc6 Bxb2 7. Bxb2 Qxb2 8.
Bxd7+ Bxd7 9. Nbd2 b6 10. Nc4 Qg7 11. a4 Nf6 12. Nfe5 Rd8 13. Qb1 O-O 14. a5 Rb8
15. axb6 axb6 16. Ra7 b5 17. Na5 Ra8 18. Rxa8 Rxa8 19. Nac6 Bxc6 20. Nxc6 b4 21.
Nxe7+ Kf8 22. Nc6 Ra6 23. Ne5 Nxe4 24. Nd7+ Ke8 25. dxe4 Kxd7 26. Qb3 Rd6 27.
Qc4 Qc3 28. Qxf7+ Kc6 29. Qe8+ Kc7 30. Qa4 Rd2 31. Ra1 Qa3 32. Qxa3 bxa3 33. Kf1
Rxc2 34. Rxa3 c4 35. Re3 Kd6 36. e5+ Ke6 37. f4 Rc1+ 38. Kf2 c3 39. Kg3 c2 40.
Re2 h6 41. Kg4 Kf7 42. e6+ Ke7 43. h3 Rf1 44. Rxc2 Kxe6 45. g3 Kf6 46. Rc6+ Kg7
47. h4 Rg1 48. Rc3 Rh1 49. Rc5 Rg1 50. h5 gxh5+ 51. Rxh5 Kg6 52. f5+ Kg7 53. Rh2
Rf1 54. Rb2 Kf6 55. Rb6+ Kg7 56. Rb4 Kf6 57. Rb6+ Kg7 58. Rb7+ Kf6 59. Rh7 Rh1
60. Rh8 Kg7 61. Rb8 Rf1 62. Ra8 Rf2 63. Ra4 Kf6 64. Ra6+ Kg7 65. Ra7+ Kf6 66.
Rh7 Rh2 67. Kf4 Rf2+ 68. Ke3 Rxf5 69. Rxh6+ Kg5 70. Ke4 Rf1 71. Rh8 Rf6 72. Rh4
Ra6 73. Kf3 Ra3+ 74. Kg2 Ra2+ 75. Kh3 Ra3 76. Rb4 Ra5 77. Rb8 Kh5 78. g4+ Kg5
79. Rg8+ Kf6 80. Kh4 Kf7 81. Rb8 Kg7 82. Rb7+ Kg6 83. Rb6+ Kg7 84. Rb4 Kg6 85.
g5 Ra1 86. Rb6+ Kg7 1/2-1/2

[Event "38. MIEDZYNARODOWY MEMORIAL LUDWIKA ZAMENHOFA 2019 - open B"]
[Site "Bialystok"]
[Date "1899-12-30"]
[Round "2.8"]
[White "Szczotka, Klara"]
[Black "Ryszkiewicz, Adam"]
[Result "0-1"]
[WhiteTitle "I++"]
[BlackTitle "I"]
[WhiteElo "1781"]
[BlackElo "1917"]

1. e4 e5 2. Nf3 Nf6 3. d4 exd4 4. e5 Ne4 5. Qxd4 d5 6. exd6 Nxd6 7. Bg5 f6 8. Bf4
Qe7+ 9. Qe3 g5 10. Qxe7+ Bxe7 11. Bxd6 Bxd6 12. Bd3 Nc6 13. Nc3 Ne5 14. Nxe5 Bxe5
15. O-O-O Bd7 16. h4 g4 17. Rhe1 O-O-O 18. Be4 c6 19. Na4 b6 20. b3 h6 21. Nb2
b5 22. g3 f5 23. Bg2 Rhe8 24. c4 Bc3 25. Rxe8 Rxe8 26. Bf1 a6 27. Kc2 Bf6 28.
Nd3 Bd4 29. Rd2 bxc4 30. bxc4 c5 31. Nf4 Re1 32. Bg2 Ra1 33. Kd3 a5 34. Ke2 a4
35. Bd5 a3 36. Nd3 Ba4 37. Be6+ Kb8 38. Bxf5 Bc3 39. Nxc5 Bxd2 40. Nxa4 Bb4 41.
Bc2 Rxa2 42. Kd3 Ra1 0-1

[Event "38. MIEDZYNARODOWY MEMORIAL LUDWIKA ZAMENHOFA 2019 - open B"]
[Site "Bialystok"]
[Date "1899-12-30"]
[Round "2.9"]
[White "Laskowski, Filip"]
[Black "Maciulaityte, Barbora"]
[Result "1-0"]
[WhiteTitle "I+"]
[BlackTitle "I"]
[WhiteElo "1908"]
[BlackElo "1719"]

1. c4 Nf6 2. g3 d5 3. cxd5 Nxd5 4. Bg2 g6 5. Qb3 Nb6 6. Qc3 f6 7. d4 c6 8. Nf3
Be6 9. O-O Bg7 10. Rd1 N8d7 11. Qc2 O-O 12. Nc3 Nd5 13. e4 Nxc3 14. bxc3 Nb6 15.
Rb1 Qc8 16. Ne1 Rd8 17. Nd3 Nc4 18. Nc5 b6 19. Nxe6 Qxe6 20. Qb3 Qf7 21. Bh3 Na5
22. Qa4 1-0

[Event "38. MIEDZYNARODOWY MEMORIAL LUDWIKA ZAMENHOFA 2019 - open B"]
[Site "Bialystok"]
[Date "1899-12-30"]
[Round "2.10"]
[White "Strepikowski, Pawel"]
[Black "Norov, Artem"]
[Result "1/2-1/2"]
[WhiteTitle "I"]
[BlackTitle "I"]
[WhiteElo "1685"]
[BlackElo "1871"]

1. e4 d5 2. e5 c5 3. f4 Nc6 4. Nf3 Bf5 5. d4 e6 6. c3 Qb6 7. Bd3 Nh6 8. Na3 cxd4
9. cxd4 Bb4+ 10. Kf1 O-O 11. Bxf5 Nxf5 12. Nc2 Be7 13. g4 Nh6 14. Ne3 f6 15. Kg2
fxe5 16. fxe5 Rf7 17. Rf1 Raf8 18. h3 Kh8 19. Nc2 Nb4 20. Nxb4 Qxb4 21. Qd3 Qc4
22. Qxc4 dxc4 23. d5 exd5 24. e6 Rf6 25. g5 Rg6 26. Ne5 Rxe6 27. Rxf8+ Bxf8 28.
Nd7 Bd6 29. gxh6 Re7 30. Nf8 Re8 31. hxg7+ Kxg7 32. Nxh7 Kxh7 33. Kf1 d4 34. Bd2
Bg3 35. Rc1 b5 36. a4 a6 37. axb5 axb5 38. Ra1 Kg6 39. Ra6+ Kf5 40. Rb6 Re5 41.
Rb7 Ke4 42. Ke2 Bf4 43. Be1 d3+ 44. Kd1 d2 45. Bxd2 Rd5 46. Re7+ Be5 47. Kc2 Kf3
48. Be1 Bf4 49. b3 cxb3+ 50. Kxb3 Re5 1/2-1/2

[Event "38. MIEDZYNARODOWY MEMORIAL LUDWIKA ZAMENHOFA 2019 - open B"]
[Site "Bialystok"]
[Date "1899-12-30"]
[Round "2.11"]
[White "Jaskunaite, Auguste"]
[Black "Jeda, Maciej"]
[Result "0-1"]
[WhiteTitle ""]
[BlackTitle "I"]
[WhiteElo "1238"]
[BlackElo "1865"]

1. d4 Nf6 2. Nf3 g6 3. g3 Bg7 4. Bg2 d6 5. b3 O-O 6. O-O c5 7. Bb2 Nc6 8. Nbd2
Qc7 9. Rc1 b6 10. c4 Nd7 11. e3 Bb7 12. Qc2 Rad8 13. h4 h5 14. Rfd1 Rfe8 15. dxc5
Nb4 16. cxb6 axb6 17. Qb1 Bxb2 18. Qxb2 Nd3 19. Qb1 Nxc1 20. Qxc1 Nf6 21. Qb1
d5 22. Bh3 dxc4 23. Nxc4 Bxf3 24. Rc1 Ba8 0-1

[Event "38. MIEDZYNARODOWY MEMORIAL LUDWIKA ZAMENHOFA 2019 - open B"]
[Site "Bialystok"]
[Date "1899-12-30"]
[Round "3.1"]
[White "Jeda, Maciej"]
[Black "Madrawski, Krzysztof"]
[Result "0-1"]
[WhiteTitle "I"]
[BlackTitle "I++"]
[WhiteElo "1865"]
[BlackElo "1993"]

1. e4 c5 2. Nf3 Nc6 3. d4 cxd4 4. Nxd4 e5 5. Nb5 d6 6. N1c3 a6 7. Na3 f5 8. g3
fxe4 9. Bg2 Be6 10. Nxe4 Be7 11. c4 Nf6 12. O-O O-O 13. Ng5 Bg4 14. Qd3 Nd4 15.
Re1 h6 16. h3 Bf5 17. Ne4 Qd7 18. Nc2 Nxc2 19. Qxc2 Bxh3 20. Be3 Bxg2 21. Kxg2
Qc6 22. Bd2 d5 23. Nxf6+ Rxf6 24. Rxe5 Bc5 25. Be1 dxc4+ 26. Kh2 b5 27. Rd1 Raf8
28. f4 Bd6 29. Red5 Re8 30. Bc3 Rfe6 31. R1d2 b4 32. Qd1 bxc3 33. Rxd6 Rxd6 34.
Rxd6 c2 35. Qd2 Qxd6 36. Qxd6 c1=Q 37. Qd5+ Kh8 0-1

[Event "38. MIEDZYNARODOWY MEMORIAL LUDWIKA ZAMENHOFA 2019 - open B"]
[Site "Bialystok"]
[Date "1899-12-30"]
[Round "3.2"]
[White "Zeliantsova, Kseniya"]
[Black "Laskowski, Filip"]
[Result "1/2-1/2"]
[WhiteTitle "k"]
[BlackTitle "I+"]
[WhiteElo "1993"]
[BlackElo "1908"]

1. e4 e6 2. d4 d5 3. Nd2 Be7 4. Bd3 c5 5. c3 cxd4 6. cxd4 dxe4 7. Nxe4 Nf6 8. Nf3
Nc6 9. O-O O-O 10. Be3 Nb4 11. Nxf6+ Bxf6 12. Be4 Nd5 13. Rc1 Qb6 14. Rc5 Be7
15. Bxd5 exd5 16. Rxd5 Qxb2 17. a4 Qa2 18. Rb5 b6 19. Rb1 Bf5 20. Ra1 Qd5 21.
Ne5 Bd6 22. Nd3 Rac8 23. Qd2 Qe4 24. Rfd1 Rc4 25. f3 Qh4 26. g3 Qe7 27. Bf2 Rfc8
28. Re1 Qb7 29. Ne5 Bxe5 30. Rxe5 Qxf3 31. Rae1 Bd7 32. R1e3 Qc6 33. a5 f6 34.
Re7 Rc1+ 35. Be1 Qd5 36. Qg2 Qxd4 37. Qa2+ R8c4 38. Qf2 bxa5 39. Re2 Qxf2+ 40.
Kxf2 Bg4 41. Rd2 Kf8 42. Rxa7 Rc7 43. Rxc7 Rxc7 44. Ra2 a4 45. Rxa4 Rc2+ 46. Ke3
Re2+ 47. Kf4 h5 48. Bb4+ Kf7 49. Ra7+ Kg8 50. h4 Re6 51. Ra8+ Kh7 52. Ra7 Kg8
1/2-1/2

[Event "38. MIEDZYNARODOWY MEMORIAL LUDWIKA ZAMENHOFA 2019 - open B"]
[Site "Bialystok"]
[Date "1899-12-30"]
[Round "3.3"]
[White "Kiolbasa, Damian"]
[Black "Kojlo, Jan"]
[Result "1-0"]
[WhiteTitle "II+"]
[BlackTitle "I"]
[WhiteElo "1946"]
[BlackElo "1864"]

1. d4 f5 2. Bg5 g6 3. h4 h6 4. Bf4 Bg7 5. Nf3 d6 6. Nc3 Nf6 7. Qd2 e6 8. e3 b6
9. Bc4 Qe7 10. h5 g5 11. Nxg5 hxg5 12. Bxg5 Bh6 13. Bh4 Nbd7 14. Nb5 Kd8 15. Bxe6
Qxe6 16. Qc3 c5 17. dxc5 bxc5 18. O-O-O Bf8 19. Qa5+ Ke7 20. Rxd6 Qxd6 21. Nxd6
Kxd6 22. Rd1+ Ke6 23. Qc7 Be7 24. Qc6+ Kf7 25. Qxa8 Re8 26. Qxa7 Nf8 27. a4 Be6
28. a5 c4 29. Qb7 c3 30. b4 N8d7 31. a6 Rb8 32. Qxb8 Nxb8 33. a7 Nc6 34. a8=Q
Nxb4 35. Rd4 Nbd5 36. h6 Kg6 37. Qh8 1-0

[Event "38. MIEDZYNARODOWY MEMORIAL LUDWIKA ZAMENHOFA 2019 - open B"]
[Site "Bialystok"]
[Date "1899-12-30"]
[Round "3.4"]
[White "Ryszkiewicz, Adam"]
[Black "Matuszczyk, Mateusz"]
[Result "1-0"]
[WhiteTitle "I"]
[BlackTitle "II+"]
[WhiteElo "1917"]
[BlackElo "1827"]

1. e4 c5 2. Nf3 Nf6 3. d3 d6 4. g3 g6 5. Bg2 Bg7 6. O-O O-O 7. Re1 e5 8. c3 Nc6
9. Nbd2 h6 10. Nf1 d5 11. Qc2 Be6 12. Be3 d4 13. Bd2 Rc8 14. c4 a6 15. a3 Qe7
16. b4 cxb4 17. Bxb4 Nxb4 18. axb4 Ne8 19. Qa4 Nd6 20. Qa5 Bd7 21. N1d2 Rce8 22.
Nb3 f5 23. exf5 Bxf5 24. Nxe5 Bxe5 25. f4 Bxd3 26. Rxe5 Qf6 27. Qd5+ Kh8 28. Nc5
Rxe5 29. fxe5 Qf2+ 30. Kh1 Qb2 31. Rg1 Nxc4 32. Nxd3 Qc3 33. Nf4 Ne3 34. Qe4 Rf5
35. e6 Kg7 36. Qxb7+ Kf6 37. Qf7+ Ke5 38. Nxg6+ Kd6 39. Qd7# 1-0

[Event "38. MIEDZYNARODOWY MEMORIAL LUDWIKA ZAMENHOFA 2019 - open B"]
[Site "Bialystok"]
[Date "1899-12-30"]
[Round "3.5"]
[White "Bancarewicz, Aleks"]
[Black "Ocytko, Andrzej"]
[Result "1/2-1/2"]
[WhiteTitle "I+"]
[BlackTitle "k"]
[WhiteElo "1859"]
[BlackElo "1999"]

1. e4 c5 2. Nf3 Nc6 3. d4 cxd4 4. Nxd4 Qb6 5. Nb3 Nf6 6. Nc3 e6 7. Be3 Qc7 8. Bd3
a6 9. a4 Bb4 10. O-O Na5 11. Qe2 O-O 12. Bd2 Nxb3 13. cxb3 d6 14. Nb5 Qa5 15.
Nxd6 Bxd2 16. Nc4 Qb4 17. Nxd2 Rd8 18. Rfd1 e5 19. Bc4 Bg4 20. f3 Be6 21. Nf1
Qb6+ 22. Qf2 Rd4 23. Rxd4 exd4 24. Rd1 Rd8 25. Ng3 g6 26. e5 Ne8 27. Ne4 Bxc4
28. bxc4 Qa5 29. Qh4 Rd7 30. Nf6+ Nxf6 31. exf6 d3 32. Qe4 Qd8 33. Kf1 h5 34.
Rd2 Kh7 35. Qf4 Rd4 36. Qe3 Qxf6 37. Rxd3 Rxd3 38. Qxd3 Qxb2 39. Qd5 Kg7 40. a5
h4 41. h3 1/2-1/2

[Event "38. MIEDZYNARODOWY MEMORIAL LUDWIKA ZAMENHOFA 2019 - open B"]
[Site "Bialystok"]
[Date "1899-12-30"]
[Round "3.6"]
[White "Backiel, Hubert"]
[Black "Kot, Jerzy"]
[Result "1-0"]
[WhiteTitle "I"]
[BlackTitle "FM"]
[WhiteElo "1860"]
[BlackElo "1983"]

1. e4 g6 2. d4 Bg7 3. Nf3 c5 4. Nc3 Nf6 5. e5 Ng4 6. h3 cxd4 7. Qxd4 Nh6 8. Bf4
Nc6 9. Qd2 Ng8 10. Bc4 Qa5 11. Nb5 Qxd2+ 12. Kxd2 Kf8 13. a4 b6 14. Rad1 Bb7 15.
Kc1 Rd8 16. Kb1 f6 17. e6 d6 18. Bxd6 exd6 19. Nxd6 Bc8 20. Nf7 Re8 21. Nxh8 Bxh8
22. Bb5 Rxe6 23. Bxc6 Rxc6 24. Rd8+ Kf7 25. Re1 Bg7 26. Nd4 Rc5 27. Nb5 Be6 28.
Nd6+ Ke7 29. Rxg8 Bh6 30. Re8+ Kxd6 31. R8xe6+ Kd5 32. Rxf6 Rc7 33. Rf3 Bg7 34.
Rfe3 Bf6 35. Rd1+ Kc5 36. Red3 a5 37. Rd5+ Kb4 38. Rb5+ Kxa4 39. Rxb6 Be7 40.
Rd4+ Bb4 41. c3 1-0